Marco jurd̕ico normativo para el desarrollo de la acuacultura en Mx̌ico

Detalles Bibliográficos
Autor principal: Reyes Delgadillo, Arturo
Otros Autores: Gm̀ez Flores, Hugo, Reyes Lomeln̕, Pablo
Formato: eBook
Lenguaje:español
Publicado: Ciudad de Mx̌ico: Cm̀ara de Diputados, 2015
Materias:
Acceso en línea:Acceso restringido

MARC

LEADER 00000nam a22000007a 4500
005 20180327233549.0
007 cr|||| ||||
008 180327s2015 mx |||||s||||f00||0 spa d
020 |a 978-607-8501-29-8 
035 |a 21131 
040 |a vLex 
090 |c 7566  |d 7566 
100 1 |a Reyes Delgadillo, Arturo 
245 1 0 |a Marco jurd̕ico normativo para el desarrollo de la acuacultura en Mx̌ico  |h [Recurso electrn̤ico] /  |c Arturo Reyes Delgadillo, Hugo Gm̀ez Flores, Pablo Reyes Lomeln̕ 
256 |a Servicio en ln̕ea 
260 |a Ciudad de Mx̌ico:  |b Cm̀ara de Diputados,  |c 2015 
300 |a 1 recurso electrn̤ico 
506 1 |a Disponible solo en los productos indicados  |d vLex Global  |d vLex Global (Academic Edition, excluding Law Schools)  |d vLex Global (U.S. Academic Edition, Law Schools)  |d vLex Global (U.S. Academic Edition, excluding Law Schools)  |d vLex Global (Academic Edition, Law Schools) 
650 0 4 |a Derecho Pb︢lico y Administrativo  |z Mx̌ico 
700 1 |a Gm̀ez Flores, Hugo 
700 1 |a Reyes Lomeln̕, Pablo 
740 0 |a vLex Libros (Servicio en ln̕ea) 
856 4 0 |u http://vlex.com/source/marco-juridico-normativo-desarrollo-acuacultura-mexico-21131  |z Acceso restringido 
942 |c BOOK 
999 0 |a Public and Administrative Law